| 000 | 00862 a2200193 4500 | ||
|---|---|---|---|
| 999 |
_c332277 _d332277 |
||
| 003 | NUST | ||
| 005 | 20171122115509.0 | ||
| 008 | 171122b xxu||||| |||| 00| 0 eng d | ||
| 040 | _c0 | ||
| 082 | _a907 GAW | ||
| 100 |
_aGawronski, Donald V _96649 |
||
| 245 |
_aHistory : _cDonald V gawronski _bMeaning and Method |
||
| 260 |
_bNational Book Foundation _aISLAMABAD _c1967 |
||
| 300 | _a117p | ||
| 500 | _aH.B | ||
| 505 | _aUniversal States (Page-1) Universal Churches (Page-76)Heroic Ages (Page-120) Contacts Between Civilizations in Space (Page-144) Contacts Between Civilizations in Time (Page-241) Law and Freedom in History (Page-261) The Prospects of the Western Civilization (Page-302) Conclusion (Page-350). | ||
| 538 | _aAlmirah No.59 Shelf No.3 | ||
| 650 |
_aHistory : _93046 |
||
| 942 |
_2ddc _cBK _kIESE |
||